|
|
|
|
| LEADER |
00000nam a2200000 i 4500 |
| 001 |
DIGEUDE046 |
| 003 |
NyNyDIG |
| 008 |
200618s2011 ag ob 000 0 spa d |
| 006 |
m o d |
| 007 |
cr ||||||||||| |
| 035 |
|
|
|a (OCoLC)780194110
|
| 040 |
|
|
|a DGITA
|b eng
|e rda
|e pn
|c DGITA
|
| 020 |
|
|
|a 9789502318783
|q eBook
|
| 020 |
|
|
|a 9502318781
|q eBook
|
| 020 |
|
|
|z 9789502318608
|
| 020 |
|
|
|z 9502318609
|
| 043 |
|
|
|a s-ag---
|
| 050 |
1 |
4 |
|a F2849.3 ebook
|
| 082 |
0 |
4 |
|a 982.07
|
| 245 |
0 |
3 |
|a La política en tiempos de los Kirchner /
|c Andrés Malamud y Miguel De Luca (coordinadores)
|
| 250 |
|
|
|a Primera edición.
|
| 264 |
|
1 |
|a Ciudad de Buenos Aires :
|b Eudeba,
|c [2011]
|
| 300 |
|
|
|a 1 online resource.
|
| 336 |
|
|
|a text
|b txt
|2 rdacontent
|
| 337 |
|
|
|a computer
|b c
|2 rdamedia
|
| 338 |
|
|
|a online resource
|b cr
|2 rdacarrier
|
| 347 |
|
|
|a text file
|2 rdaft
|
| 347 |
|
|
|b EPUB
|
| 490 |
1 |
|
|a Lectores
|
| 504 |
|
|
|a Includes bibliographical references.
|
| 588 |
0 |
|
|a Online resource; title from ePub title page (Digitalia, viewed June 18, 2020)
|
| 600 |
1 |
0 |
|a Kirchner, Néstor.
|
| 600 |
1 |
0 |
|a Fernández de Kirchner, Cristina.
|
| 651 |
|
0 |
|a Argentina
|x Politics and government
|y 2002-
|
| 655 |
|
0 |
|a Electronic books.
|
| 700 |
1 |
|
|a Malamud, Andrés,
|e editor.
|
| 700 |
1 |
|
|a Luca, Miguel de,
|e editor.
|
| 791 |
2 |
|
|a Digitalia (Firm),
|e distributor.
|
| 793 |
0 |
|
|g Digitalia ebook Collection:
|a Eudeba
|
| 776 |
0 |
8 |
|i Print version:
|t Política en tiempos de los Kirchner.
|b Primera edición.
|d Buenos Aires, Argentina : Eudeba, 2011
|z 9789502318608
|w (OCoLC)774531550
|
| 830 |
|
0 |
|a Colección Lectores.
|
| 856 |
4 |
0 |
|3 Digitalia Hispánica
|u https://www.digitaliapublishing.com/a/32608/
|
| 910 |
|
|
|a Premium collection: 2020
|